01842cam a2200349Ia 4500001001200000003000200012005001700014008004100031020001500072035000900087040002900096049000900125090001000134111009200144245037700236260014300613300002900756490003200785500004000817500011400857504004100971650004701012710008501059710005201144710004201196830003501238907003501273994001201308942001701320999001901337952013601356ocm19407913020230123133243.0890321s1989 enka b 100 0 eng d a085298684X bH130 aEYGcNUSTdPITdIXAdOCL aMAIN aTJ9302 aInternational Conference: Pipework Engineering and Operationd(1989 :cLondon, England)10aPipework engineering and operation :bProceedings of the Institution of Mechanical Engineers 21-22 February 1989, Birdcage Walk, London /cInternational Conference: Pipework Engineering and Operation ; sponsored by the Power Industries Division of the Institution of Mechanical Engineers ; co-sponsored by Institution of Chemical Engineers, Society of Petroleum Engineers. aBury St. Edmunds, Suffolk :bPublished for the Institution of Mechanical Engineers by Mechanical Engineering Publications Limited,cc1989. a326 p. :bill. ;c30 cm.1 aIMechE conference ;v1989-1 a"MEP-319"--Label on leaf ff. cover. a"International Conference on 'Pipework Engineering and Operation', held during February 1989"--P. 4 of cover. aIncludes bibliographical references. 0aPipexDesign and constructionvCongresses.2 aInstitution of Mechanical Engineers (Great Britain).bPower Industries Division.2 aInstitute of Chemical Engineers (Great Britain)2 aSociety of Petroleum Engineers (U.K.) 0aI Mech E conference ;v1989-1. a.b10067942b17-04-03c17-04-03 a92bZNA cBOOKSkTJ930 c145398d145398 r2023-01-23 00:00:00l1oTJ930 PIPp92003017348v80.00w2023-01-23yBOOKS102LCC40708NFIC00aMAINbMAINcGENd2023-01-23g80.00